Normal view
MARC view
- Derecho
Entry Materia
001 - NÚMERO DE CONTROL DEL REGISTRO
- campo de control: 13268
003 - IDENTIFICADOR DE NUMERO DE CONTROL
- campo de control: MX-MxUPN
005 - FECHA Y HORA DE LA ÚLTIMA TRANSACCIÓN
- campo de control: 20250623112435.0
008 - DATOS DE LONGITUD FIJA
- campo de control de longitud fija: 250623n| acnnnbabn | ana |d
035 ## - NÚMERO DE CONTROL DEL SISTEMA
- Número de control del sistema: UPN10000013276
040 ## - FUENTE DE LA CATALOGACIÓN
- Centro catalogador de origen: MX-MxUPN
- Lengua de catalogación: spa
- Agencia de transcripción: MX-MxUPN
150 ## - ENCABEZAMIENTO - TEMÁTICO
- Término de materia o nombre geográfico como elemento inicial: Derecho
360 ## - REFERENCIA COMPLEJA DE VÉASE ADEMÁS - MATERIA
- Texto explicativo: Véase también nombres de sistemas legales. Ej.
- Encabezamiento al que se remite: DERECHO CANONICO ; DERECHO COMUN ; DERECHO ROMANO ;
- Texto explicativo: ramas especiales del derecho. Ej.
- Encabezamiento al que se remite: DERECHO CONSTITUCIONAL ; DERECHO MARITIMO ; DERECHO PENAL ;
- Texto explicativo: materias legales específicas. Ej.:
- Encabezamiento al que se remite: CONTRATOS ; HIPOTECAS ; SANCIONES (DERECHO) ;
- Texto explicativo: y también
- Encabezamiento al que se remite: DERECHO ; LEYES Y LEGISLACION ; LEYES Y REGLAMENTOS
- Texto explicativo: bajo encabezamientos. Ej.:
- Encabezamiento al que se remite: TENENCIA DE LA TIERRA - MEXICO - DERECHO ; SERVICIO POSTAL - LEYES Y REGLAMENTOS ; TELECOMUNICACION - LEYES Y LEGISLACION
670 ## - FUENTE EN LA QUE SE LOCALIZARON DATOS
- Cita de la fuente: E
902 ## - CATALOGADOR
- Catalogador: LG/060397
